A város éghajlat-módosító hatása - a szegedi hősziget

Elmentve itt :
Bibliográfiai részletek
Szerző: Unger János
Dokumentumtípus: Könyv része
Megjelent: 2007
Sorozat:Földrajzi tanulmányok 1
Városökológia 1
Kulcsszavak:Ökológia - városi, Városföldrajz, Éghajlat - városi
Tárgyszavak:
Online Access:http://acta.bibl.u-szeged.hu/43746
LEADER 00812naa a2200229 i 4500
001 acta43746
005 20220103155018.0
008 170111s2007 hu o 0|| hun d
020 |a 978 963 482 841 9 
022 |a 1789-302X 
040 |a SZTE Egyetemi Kiadványok Repozitórium  |b hun 
041 |a hun 
100 1 |a Unger János 
245 1 2 |a A város éghajlat-módosító hatása - a szegedi hősziget  |h [elektronikus dokumentum] /  |c  Unger János 
260 |c 2007 
300 |a 43-65 
490 0 |a Földrajzi tanulmányok  |v 1 
490 0 |a Városökológia  |v 1 
650 4 |a Természettudományok 
650 4 |a Föld- és kapcsolódó környezettudományok 
695 |a Ökológia - városi, Városföldrajz, Éghajlat - városi 
856 4 0 |u http://acta.bibl.u-szeged.hu/43746/1/ft_001_043-065.pdf  |z Dokumentum-elérés